000 01359nam0a22002651 4500
001 rc\635649
005 20260407173956.0
035 _a(NLR Aleph) 005877538
090 _a6043759
_c6043759
100 _a20031121d1986 |||y0rusy50 ca
101 0 _arus
102 _aRU
105 _ay |||||||||
200 1 _aРешение всесоюзного научно-технического совещания "Модернизация, реконструкция и техническое перевооружение тепловых электростанций", (21-23 апреля 1986 г., г. Москва)
210 _aМ.
_cИнформэнерго
_d1986
215 _a6 с.
_d20
300 _aВ надзаг.: М-во энергетики и электрификации СССР, Центр НТИ по энергетике и электрификации Информэнерго
710 1 2 _a"Модернизация, реконструкция и техническое перевооружение тепловых электростанций", всесоюзное научно-техническое совещание
_eМосква
_f1986
_9722252
_3RU\NLR\AUTH\8810111220
801 0 _aRU
_bNLR
_gpsbo
801 1 _aRU
_bELAR
_2rusmarc
852 _aNLR
_j87-4/22420
942 _cBOOK
980 _aNB